000 01462namaa22003251i 4500
005 20260701112736.0
008 260701s1995 ua a|||frm||| 000 0 eng d
040 _aEG-GICUC
_beng
_cEG-GICUC
_dEG-GICUC
_erda
041 0 _aeng
_beng
_bara
049 _aDeposit
097 _aM.Sc
099 _aCai01.11.02.MSc.1995.Sh.M
100 0 _aSherif Fahmy Arsanios,
_epreparation.
245 1 0 _aMorphological and histological study of the ligamentum arteriosum in man /
_cBy Sherif Fahmy Arsanios ; Supervision Prof. Dr. Mahmoud Mohamed Kotb, Dr. Mohamed Emad El-Din Ibrahim, Dr. Heshmat Sabet Wassef Haroun
246 1 5 _aدراسة مورفولوجية و هستولوجية للرباط الشرياني في الانسان
264 0 _c1995.
300 _a132 Leaves
_billustrations
_c30 cm. +
336 _2rda content
_atext
337 _2rdamedia
_aUnmediated
338 _2rdacarrier
_avolume
502 _aThesis (M.Sc.)-Cairo University, 1995
504 _aBibliography: pages 125-132
653 0 _aMorphological and histological
_aligamentum arteriosum in man
700 0 _aMahmoud Mohamed Kotb
_ethesis advisor.
700 0 _aMohamed Emad El-Din Ibrahim
_ethesis advisor.
700 0 _aHeshmat Sabet Wassef Haroun
_ethesis advisor.
900 _DDepartment of Anatomy
_FFaculty of Medicine
_UCairo University
_b1995
_cMahmoud Mohamed Kotb
_cMohamed Emad El-Din Ibrahim
_cHeshmat Sabet Wassef Haroun
905 _aNehad
942 _2ddc
_cTH
_e21
_n0
999 _c180669